Innovation and Diversification of Educational Process through a New Study Program "Foreign Languages and Intercultural Communication"
Ústav jazykov Ekonomickej univerzity v Bratislave predstavil nový študijný program "Cudzie jazyky a interkultúrna komunikácia" v školskom roku 2009/2010. Cieľ programu. Inteligentný študijný program. Absolventský profil. Štruktúra študijného programu.
Saved in:
| Main Author: | |
|---|---|
| Format: | Book Chapter |
| Language: | English |
| Subjects: | |
| Tags: |
No Tags, Be the first to tag this record!
|
MARC
| LEADER | 00000naa$a2200000$$$4500 | ||
|---|---|---|---|
| 001 | 0117760 | ||
| 005 | 20240502083306.2 | ||
| 041 | 0 | |a eng | |
| 044 | |a RU | ||
| 245 | 1 | 0 | |a Innovation and Diversification of Educational Process through a New Study Program "Foreign Languages and Intercultural Communication" |c Tatiana Hrivíková |
| 520 | |a Ústav jazykov Ekonomickej univerzity v Bratislave predstavil nový študijný program "Cudzie jazyky a interkultúrna komunikácia" v školskom roku 2009/2010. Cieľ programu. Inteligentný študijný program. Absolventský profil. Štruktúra študijného programu. | ||
| 610 | 2 | 0 | |a jazyky cudzie |
| 610 | 2 | 0 | |a výučba vedecká |
| 610 | 2 | 0 | |a inovácia |
| 610 | 2 | 0 | |a diverzifikácia |
| 610 | 2 | 0 | |a programy študijné |
| 610 | 2 | 0 | |a komunikácia multikultúrna |
| 100 | 1 | |a Hrivíková, Tatiana, 1959- | |